Central Library OPAC University of Rajshahi

Fatalism, free will and acquisition : (Record no. 63058)

MARC details
000 -LEADER
fixed length control field 00662nam a22002057a 4500
001 - CONTROL NUMBER
control field 63058
003 - CONTROL NUMBER IDENTIFIER
rucl marc code BD-RjUL
005 - DATE AND TIME OF LATEST TRANSACTION
control field 20211209081144.0
008 - FIXED-LENGTH DATA ELEMENTS--GENERAL INFORMATION
fixed length control field 170128s1956 pk ||||| |||| 00| 0 eng d
035 ## - SYSTEM CONTROL NUMBER
System control number (BD-RjUL)63186
040 ## - CATALOGING SOURCE
Original cataloging agency BD-RjUL
Language of cataloging eng
Transcribing agency BD-RjUL
041 ## - LANGUAGE CODE
Language code of text/sound track or separate title eng
082 ## - DEWEY DECIMAL CLASSIFICATION NUMBER
Edition number 23
Classification number 297.2
Author mark and year ALF 1956
100 1# - MAIN ENTRY--PERSONAL NAME
Personal name 'Alavi, Syed Mohammad Badruddin.
9 (RLIN) 187590
245 ## - TITLE STATEMENT
Title Fatalism, free will and acquisition :
Remainder of title as viewed by Muslim sects /
Statement of responsibility, etc. Syed Mohammad Badruddin 'Alavi.
260 ## - PUBLICATION, DISTRIBUTION, ETC. (IMPRINT)
Place of publication, distribution, etc. Lahore :
Name of publisher, distributor, etc. Kasmiri Bazar,
Date of publication, distribution, etc. 1956.
300 ## - PHYSICAL DESCRIPTION
Pagination vii, 91 p. ;
Size 18 cm.
650 ## - SUBJECT ADDED ENTRY--TOPICAL TERM
Topical term or geographic name as entry element Free will and determinism
Form subdivision Religious aspects
General subdivision Islam
9 (RLIN) 187591
942 ## - ADDED ENTRY ELEMENTS (KOHA)
Source of classification or shelving scheme Dewey Decimal Classification
Koha item type Books
Holdings
Lost status Source of classification or shelving scheme Damaged status Not for loan Collection code Permanent Location Current Location Shelving location Date acquired Source of acquisition Cost, normal purchase price Total Checkouts Full call number Date last seen Copy number Koha item type
  Dewey Decimal Classification   Not For Loan Non-fiction Central Library, University of Rajshahi Central Library, University of Rajshahi Reading Room 30/12/1960 Lahore Sh. Md Ashraf 18.00   297.2 ALF 1956 28/01/2017 C-1 Books